[Event "Warsaw Najdorf Memorial op-B"]
[Site "Warsaw"]
[Date "2023.07.19"]
[Round "9"]
[White "Zeissel, Andrzej"]
[Black "Pietrzak, Wojciech"]
[Result "1/2-1/2"]
[WhiteElo "1813"]
[BlackElo "1764"]
[PlyCount "97"]
[EventDate "2023.07.11"]
[EventType "swiss"]
[EventRounds "9"]
[EventCountry "POL"]
[SourceTitle "EXT 2024"]
[Source "ChessBase"]
[SourceDate "2023.10.10"]
[SourceVersion "1"]
[SourceVersionDate "2023.10.10"]
[SourceQuality "1"]

1. e4 e6 2. Qe2 c5 3. Nf3 Nc6 4. g3 d5 5. exd5 Qxd5 6. c3 Nf6 7. Bg2 Be7 8. 0-0 Qh5 9. d4 cxd4 10. cxd4 0-0 11. Nc3 Rd8 12. Rd1 Nb4 13. h3 Qa5 14. Bd2 Qb6 15. Na4 Qc6 16. Nc5 Nbd5 17. Rac1 Qe8 18. Ne5 a5 19. g4 Qf8 20. g5 Ne8 21. Be4 g6 22. Ng4 b6 23. Nd3 Ba6 24. Qf3 Ra7 25. Nh6+ Kg7 26. Ne5 f5 27. Nc6 Rad7 28. Bxd5 Rxd5 29. Nxd8 Bxd8 30. Bf4 Qb4 31. Qc3 Qe7 32. h4 Bb7 33. Qa3 Qxa3 34. bxa3 Rd7 35. Rd2 Nd6 36. Be5+ Kf8 37. Rdc2 Nb5 38. Rc4 Nxa3 39. Rc6 Bxc6 40. Rxc6 Nb5 41. Rxe6 Nxd4 42. Bd6+ Be7 43. Bxe7+ Rxe7 44. Rxb6 Re6 45. Rb7 Re7 46. Rb6 Re6 47. Rb1 Re4 48. Rb8+ Re8 49. Rb6 1/2-1/2

[Event "Warsaw Najdorf Memorial op-B"]
[Site "Warsaw"]
[Date "2023.07.18"]
[Round "8"]
[White "Yasmo, Daniil"]
[Black "Zeissel, Andrzej"]
[Result "0-1"]
[WhiteElo "1778"]
[BlackElo "1813"]
[PlyCount "114"]
[EventDate "2023.07.11"]
[EventType "swiss"]
[EventRounds "9"]
[EventCountry "POL"]
[SourceTitle "EXT 2024"]
[Source "ChessBase"]
[SourceDate "2023.10.10"]
[SourceVersion "1"]
[SourceVersionDate "2023.10.10"]
[SourceQuality "1"]

1. b4 d5 2. Bb2 Nf6 3. c4 c6 4. Nf3 Bg4 5. e3 e6 6. cxd5 exd5 7. b5 Be7 8. bxc6 Nxc6 9. Be2 0-0 10. 0-0 Rc8 11. h3 Bxf3 12. Bxf3 Nb4 13. Bc3 Nd3 14. Qe2 Nc5 15. d3 Na4 16. Bd4 Qa5 17. Qd2 Bb4 18. Qd1 Rc6 19. a3 Be7 20. Qb3 Rfc8 21. Qxb7 R6c7 22. Qb3 Nb6 23. Ra2 Nbd7 24. Rb2 Rc1 25. Bd1 Nc5 26. Bxc5 Qxc5 27. Qb5 Qd6 28. Be2 Bd8 29. Qb7 Bb6 30. Nd2 Qxa3 31. Nc4 Rxf1+ 32. Bxf1 Qf8 33. Nxb6 axb6 34. Qxb6 h5 35. Qb4 Qe8 36. g3 Qe5 37. Kg2 Nd7 38. Qb7 Rb8 39. Qxd7 Rxb2 40. Qd8+ Kh7 41. Qh4 Qxe3 42. Qxh5+ Kg8 43. Qf5 Qe6 44. Qg5 g6 45. h4 Qe1 46. Qf6 Rb1 47. Kf3 Qxf1 48. Qd8+ Kg7 49. Qc7 Qxd3+ 50. Kg2 Qe4+ 51. f3 Qe2+ 52. Kh3 Rh1+ 53. Kg4 Qe6+ 54. Kf4 Qf6+ 55. Ke3 Rh2 56. g4 Rh3 57. Kd2 Qd4+ 0-1

[Event "Warsaw Najdorf Memorial op-B"]
[Site "Warsaw"]
[Date "2023.07.17"]
[Round "7"]
[White "Zeissel, Andrzej"]
[Black "Kulpa, Zuzanna"]
[Result "0-1"]
[WhiteElo "1813"]
[BlackElo "1911"]
[PlyCount "128"]
[EventDate "2023.07.11"]
[EventType "swiss"]
[EventRounds "9"]
[EventCountry "POL"]
[SourceTitle "EXT 2024"]
[Source "ChessBase"]
[SourceDate "2023.10.10"]
[SourceVersion "1"]
[SourceVersionDate "2023.10.10"]
[SourceQuality "1"]

1. e4 c6 2. d4 d5 3. f3 g6 4. Nc3 Bg7 5. Be3 Qb6 6. Qd2 Qxb2 7. Rb1 Qa3 8. exd5 Nf6 9. dxc6 bxc6 10. Bd3 Nbd7 11. Nge2 Ba6 12. 0-0 0-0 13. Rb3 Qa5 14. Rfb1 Nb6 15. Ne4 Qxd2 16. Bxd2 Nxe4 17. fxe4 Bxd3 18. Rxd3 Rfd8 19. Ba5 e5 20. dxe5 Bxe5 21. Bc3 Re8 22. Rf1 Bg7 23. Bxg7 Kxg7 24. Rf4 Rad8 25. Nc1 Nc4 26. Rxd8 Rxd8 27. Nd3 Rd4 28. g3 f6 29. h4 Nd2 30. Nc5 Kf7 31. Nb3 Nxb3 32. axb3 Ke6 33. Rf1 Rxe4 34. Kf2 a5 35. Ra1 Re5 36. Rd1 Rd5 37. Re1+ Kf5 38. Re2 h5 39. Kf3 Rc5 40. c4 Re5 41. Ra2 g5 42. Ra4 g4+ 43. Kf2 Ke4 44. c5+ Kd3 45. Rxa5 Kc3 46. Ra6 Rxc5 47. Rb6 Kd3 48. Rb4 Kc3 49. Rb6 Kd4 50. Rb4+ Ke5 51. Rf4 Rc2+ 52. Kg1 Rc3 53. Kg2 Rxb3 54. Rc4 Kd5 55. Rf4 Rf3 56. Ra4 c5 57. Ra8 c4 58. Rd8+ Ke4 59. Rc8 c3 60. Rd8 c2 61. Rc8 Kd3 62. Rd8+ Ke2 63. Rc8 Kd2 64. Rd8+ Rd3 0-1

[Event "Warsaw Maciei Memorial"]
[Site "Warsaw"]
[Date "2023.07.10"]
[Round "9"]
[White "Derylo, Kamil"]
[Black "Zeissel, Andrzej"]
[Result "1-0"]
[WhiteElo "2126"]
[BlackElo "1813"]
[PlyCount "39"]
[EventDate "2023.07.10"]
[EventType "swiss (blitz)"]
[EventRounds "11"]
[EventCountry "POL"]
[SourceTitle "CBM 215 Extra"]
[Source "ChessBase"]
[SourceDate "2023.09.30"]
[SourceVersion "1"]
[SourceVersionDate "2023.09.30"]
[SourceQuality "1"]

1. e4 c5 2. Nf3 e6 3. Bd3 Nc6 4. 0-0 Qc7 5. c3 Nf6 6. Bc2 b6 7. d4 Ba6 8. Re1 Be7 9. d5 Ne5 10. Nxe5 Qxe5 11. f4 Qc7 12. d6 Bxd6 13. e5 Nd5 14. exd6 Qxd6 15. Be4 0-0 16. Na3 c4 17. Bxd5 exd5 18. Nc2 Rfe8 19. Nd4 Qc5 20. Be3 1-0

[Event "Warsaw Maciei Memorial"]
[Site "Warsaw"]
[Date "2023.07.10"]
[Round "8"]
[White "Zeissel, Andrzej"]
[Black "Paprocki, Antoni"]
[Result "0-1"]
[WhiteElo "1813"]
[BlackElo "2196"]
[PlyCount "86"]
[EventDate "2023.07.10"]
[EventType "swiss (blitz)"]
[EventRounds "11"]
[EventCountry "POL"]
[SourceTitle "CBM 215 Extra"]
[Source "ChessBase"]
[SourceDate "2023.09.30"]
[SourceVersion "1"]
[SourceVersionDate "2023.09.30"]
[SourceQuality "1"]

1. e4 e5 2. Nc3 Nf6 3. f4 d5 4. fxe5 Nxe4 5. Qf3 f5 6. d3 Nxc3 7. bxc3 d4 8. Qg3 Nc6 9. Be2 Be6 10. Bf3 Qd7 11. Ne2 dxc3 12. Bxc6 Qxc6 13. Nd4 Qd5 14. Be3 0-0-0 15. 0-0 g6 16. Rfb1 a6 17. Rb3 Bc5 18. Nxe6 Bxe3+ 19. Qxe3 Qxe6 20. Rab1 b6 21. Rxc3 Kb7 22. Qf3+ Qd5 23. Rcb3 Rhe8 24. Qxd5+ Rxd5 25. c4 Rdxe5 26. d4 Re1+ 27. Rxe1 Rxe1+ 28. Kf2 Rd1 29. Ke3 Kc6 30. Rb2 Kd6 31. g3 Rc1 32. Kd3 a5 33. a4 Ra1 34. Kc3 Ra3+ 35. Rb3 Rxb3+ 36. Kxb3 g5 37. Kc3 h5 38. Kd3 Ke6 39. Ke3 Kf6 40. h4 f4+ 41. Kf3 gxh4 42. gxh4 Kf5 43. d5 Ke5 0-1

[Event "Warsaw Maciei Memorial"]
[Site "Warsaw"]
[Date "2023.07.10"]
[Round "6"]
[White "Zeissel, Andrzej"]
[Black "Sliwicki, Damian"]
[Result "0-1"]
[WhiteElo "1813"]
[BlackElo "2103"]
[PlyCount "56"]
[EventDate "2023.07.10"]
[EventType "swiss (blitz)"]
[EventRounds "11"]
[EventCountry "POL"]
[SourceTitle "CBM 215 Extra"]
[Source "ChessBase"]
[SourceDate "2023.09.30"]
[SourceVersion "1"]
[SourceVersionDate "2023.09.30"]
[SourceQuality "1"]

1. e4 c5 2. Nc3 g6 3. d4 cxd4 4. Qxd4 Nf6 5. Bb5 a6 6. e5 Ng8 7. Qa4 Bg7 8. Nf3 Nc6 9. Bxc6 bxc6 10. Be3 Qc7 11. 0-0 Nh6 12. Bxh6 Bxh6 13. Rfe1 Bg7 14. Rad1 0-0 15. Qh4 Re8 16. Re3 Bb7 17. Ne4 c5 18. Red3 Bxe4 19. Qxe4 d6 20. Qh4 dxe5 21. Rd7 Rad8 22. Qa4 e4 23. Ng5 Rxd7 24. Rxd7 Qf4 25. Rd1 Rb8 26. Nxe4 Kh8 27. b3 Qg4 28. Qc4 Qxd1+ 0-1

[Event "Lazy Baltic Pearl op-A 19th"]
[Site "Lazy"]
[Date "2023.07.03"]
[Round "8"]
[White "Stepinski, Piotr"]
[Black "Zeissel, Andrzej"]
[Result "1/2-1/2"]
[WhiteElo "1845"]
[BlackElo "1806"]
[PlyCount "115"]
[EventDate "2023.06.26"]
[EventType "swiss"]
[EventRounds "9"]
[EventCountry "POL"]
[SourceTitle "EXT 2024"]
[Source "ChessBase"]
[SourceDate "2023.10.10"]
[SourceVersion "1"]
[SourceVersionDate "2023.10.10"]
[SourceQuality "1"]

1. e4 c5 2. Nf3 e6 3. d4 cxd4 4. Nxd4 Nc6 5. Nc3 Qc7 6. Be3 a6 7. Be2 Nf6 8. 0-0 Be7 9. Kh1 b5 10. Nxc6 dxc6 11. f4 Bb7 12. e5 Rd8 13. Qe1 Nd5 14. Nxd5 cxd5 15. c3 g6 16. Bd4 h5 17. a4 Bc6 18. axb5 Bxb5 19. Bxb5+ axb5 20. Qf2 Qc6 21. Ra7 Ra8 22. Rfa1 0-0 23. Qg1 Rfe8 24. g3 Bf8 25. h3 Rxa7 26. Rxa7 Ra8 27. Rxa8 Qxa8 28. g4 hxg4 29. hxg4 Qd8 30. Qg3 Qa8 31. Qg1 Qa4 32. Qc1 Qc4 33. Qd2 Qf1+ 34. Kh2 Qf3 35. g5 Be7 36. Qe3 Qxe3 37. Bxe3 b4 38. Kg2 b3 39. Kf3 Ba3 40. Bc1 Bc5 41. Ke2 Kf8 42. Kd3 Bf2 43. Be3 Be1 44. Kd4 Ke7 45. c4 dxc4 46. Kxc4 Kd7 47. Kxb3 Kc6 48. Kc4 Ba5 49. b4 Bd8 50. b5+ Kb7 51. Bc5 Ba5 52. Bb4 Bd8 53. Bc5 Ba5 54. Kd3 Bd8 55. Kc4 Ba5 56. Be7 Bb6 57. Bc5 Ba5 58. Kd3 1/2-1/2

[Event "Lazy Baltic Pearl op-A 19th"]
[Site "Lazy"]
[Date "2023.06.30"]
[Round "5"]
[White "Zeissel, Andrzej"]
[Black "Sniadecki, Oskar"]
[Result "1-0"]
[WhiteElo "1806"]
[BlackElo "1642"]
[PlyCount "69"]
[EventDate "2023.06.26"]
[EventType "swiss"]
[EventRounds "9"]
[EventCountry "POL"]
[SourceTitle "CBM 215 Extra"]
[Source "ChessBase"]
[SourceDate "2023.09.30"]
[SourceVersion "1"]
[SourceVersionDate "2023.09.30"]
[SourceQuality "1"]

1. e4 c6 2. d4 d5 3. f3 e6 4. Nc3 Bb4 5. Bd2 Ne7 6. Nce2 Bxd2+ 7. Qxd2 Nd7 8. h4 b6 9. 0-0-0 Ba6 10. Nh3 Qc7 11. Qg5 Rg8 12. h5 dxe4 13. fxe4 Nf6 14. Nc3 h6 15. Qe5 Qxe5 16. dxe5 Bxf1 17. exf6 Bxg2 18. fxe7 Bxh1 19. Rxh1 Kxe7 20. Nf4 Rad8 21. Nd3 Rd6 22. Ne5 Kf6 23. Nf3 e5 24. Nd1 Ke6 25. Ne3 Rdd8 26. Nf5 g6 27. Nxh6 Rh8 28. Ng5+ Kf6 29. Ngxf7 gxh5 30. Nxd8 Rxd8 31. Rxh5 Kg6 32. Rh4 Rh8 33. Nf5 Rxh4 34. Nxh4+ Kg5 35. Nf3+ 1-0

[Event "Lazy Baltic Pearl op-A 19th"]
[Site "Lazy"]
[Date "2023.06.27"]
[Round "2"]
[White "Mielczarski, Miroslaw"]
[Black "Zeissel, Andrzej"]
[Result "1-0"]
[WhiteElo "2104"]
[BlackElo "1806"]
[PlyCount "81"]
[EventDate "2023.06.26"]
[EventType "swiss"]
[EventRounds "9"]
[EventCountry "POL"]
[SourceTitle "CBM 215 Extra"]
[Source "ChessBase"]
[SourceDate "2023.09.30"]
[SourceVersion "1"]
[SourceVersionDate "2023.09.30"]
[SourceQuality "1"]

1. a3 e5 2. c4 Nf6 3. d3 c6 4. Nf3 Be7 5. Nbd2 d6 6. g3 0-0 7. Bg2 h6 8. b4 Be6 9. Bb2 Nbd7 10. 0-0 Nh7 11. d4 e4 12. Nxe4 Bxc4 13. Re1 Be6 14. Nc3 d5 15. Nd2 Nb6 16. e3 Qd7 17. Bf1 h5 18. b5 h4 19. a4 hxg3 20. hxg3 Bg4 21. Qc2 Ng5 22. Bg2 Nc4 23. bxc6 bxc6 24. Nxc4 dxc4 25. Ne4 Qf5 26. Rec1 Nf3+ 27. Bxf3 Qxf3 28. Nd2 Qd5 29. Qxc4 Qh5 30. Ba3 Bxa3 31. Rxa3 Rab8 32. Qc5 Qh3 33. Rac3 Rb2 34. R3c2 Rfb8 35. Qxc6 Qh5 36. Qc5 g5 37. Ne4 Rxc2 38. Nf6+ Kh8 39. Qxc2 Qh1+ 40. Kxh1 Bf3+ 41. Kg1 1-0

[Event "POL-ch U18"]
[Site "Jastrzebia Gora"]
[Date "2023.??.??"]
[Round "1"]
[White "Budzisz, Adrian"]
[Black "Zeissel, Andrzej"]
[Result "1-0"]
[WhiteElo "2069"]
[BlackElo "1717"]
[PlyCount "74"]
[EventDate "2023.03.11"]
[EventType "swiss"]
[EventRounds "9"]
[EventCountry "POL"]
[SourceTitle "CBM 213 Extra"]
[Source "ChessBase"]
[SourceDate "2023.05.31"]
[SourceVersion "1"]
[SourceVersionDate "2023.05.31"]
[SourceQuality "1"]

1. d4 f5 2. c4 Nf6 3. g3 g6 4. Bg2 Bg7 5. Nc3 d6 6. Nf3 0-0 7. 0-0 c6 8. d5 e5 9. dxe6 Bxe6 10. b3 Na6 11. Ng5 Bc8 12. Bb2 Qe7 13. Qd2 h6 14. Nf3 Be6 15. Rad1 Rad8 16. Nd4 Bf7 17. Bxc6 bxc6 18. Nxc6 Qe6 19. Nxd8 Rxd8 20. Na4 Rd7 21. Qa5 Nc5 22. Nxc5 dxc5 23. Qxc5 Rxd1 24. Rxd1 Ne4 25. Qa3 Qb6 26. c5 Qc7 27. Bxg7 Kxg7 28. Qb2+ Kh7 29. b4 f4 30. Qd4 Ng5 31. h4 Ne6 32. Qd7 Kg7 33. Qxc7 Nxc7 34. Rd7 Nb5 35. c6 Kf6 36. a4 Nc3 37. c7 Be6 1-0

[Event "POL-ch U18"]
[Site "Jastrzebia Gora"]
[Date "2023.??.??"]
[Round "5"]
[White "Czarniecki, Pawel"]
[Black "Zeissel, Andrzej"]
[Result "0-1"]
[WhiteElo "1625"]
[BlackElo "1717"]
[PlyCount "80"]
[EventDate "2023.03.11"]
[EventType "swiss"]
[EventRounds "9"]
[EventCountry "POL"]
[SourceTitle "CBM 213 Extra"]
[Source "ChessBase"]
[SourceDate "2023.05.31"]
[SourceVersion "1"]
[SourceVersionDate "2023.05.31"]
[SourceQuality "1"]

1. e4 c5 2. b3 e6 3. Bb2 Nc6 4. Bb5 Qc7 5. Bxc6 Qxc6 6. d3 Nf6 7. Qf3 Be7 8. Qg3 0-0 9. h4 d5 10. e5 Nd7 11. h5 c4 12. d4 cxb3 13. Qxb3 b6 14. Qd3 a5 15. Ne2 Ba6 16. Qd2 Rfc8 17. c3 Qc4 18. Rh3 b5 19. Qd1 b4 20. Nd2 Qb5 21. a4 Qc6 22. Nf4 Nb6 23. Rg3 Nc4 24. h6 g6 25. Nxc4 Qxc4 26. Ne2 Rab8 27. Rc1 Qa2 28. cxb4 Qxb2 29. Rxc8+ Rxc8 30. b5 Bb7 31. Kf1 Rc2 32. f4 Bb4 33. Rd3 Qa2 34. Rg3 Rd2 35. Qe1 Rb2 36. Qd1 Rb1 37. Nc1 Qc4+ 38. Kf2 Rxc1 39. Qg4 Qf1+ 40. Ke3 Re1+ 0-1

[Event "POL-ch U18"]
[Site "Jastrzebia Gora"]
[Date "2023.??.??"]
[Round "8"]
[White "Syrkiewicz, Michal"]
[Black "Zeissel, Andrzej"]
[Result "1-0"]
[WhiteElo "2000"]
[BlackElo "1717"]
[PlyCount "80"]
[EventDate "2023.03.11"]
[EventType "swiss"]
[EventRounds "9"]
[EventCountry "POL"]
[SourceTitle "CBM 213 Extra"]
[Source "ChessBase"]
[SourceDate "2023.05.31"]
[SourceVersion "1"]
[SourceVersionDate "2023.05.31"]
[SourceQuality "1"]

1. e4 c5 2. Nf3 e6 3. d4 cxd4 4. Nxd4 Nf6 5. Nc3 Nc6 6. Nxc6 bxc6 7. e5 Nd5 8. Ne4 Qc7 9. f4 Rb8 10. Bd3 Qb6 11. Qe2 Be7 12. c4 f5 13. Nf2 Bb4+ 14. Kf1 Ne7 15. a3 Bc5 16. b4 Bd4 17. Rb1 Ba6 18. Nd1 0-0 19. Nb2 Bxb2 20. Rxb2 Qc7 21. Be3 Ng6 22. g3 d6 23. exd6 Qd7 24. c5 Bxd3 25. Qxd3 e5 26. Qc4+ Kh8 27. Kf2 Rbe8 28. Re1 Re6 29. Rbe2 Rfe8 30. Bd4 e4 31. Rb1 Qd8 32. Qa6 Nxf4 33. gxf4 Qh4+ 34. Ke3 Qh3+ 35. Kd2 e3+ 36. Kc3 Qf3 37. Rg1 Rg6 38. Rxg6 hxg6 39. Qxa7 Rg8 40. Rxe3 Qd1 1-0

[Event "Lazy Baltic Pearl op-A 18th"]
[Site "Lazy"]
[Date "2022.06.30"]
[Round "5"]
[White "Borkowski, Szymon"]
[Black "Zeissel, Andrzej"]
[Result "0-1"]
[WhiteElo "1715"]
[BlackElo "1624"]
[PlyCount "50"]
[EventDate "2022.06.26"]
[EventType "swiss"]
[EventRounds "9"]
[EventCountry "POL"]
[SourceTitle "CBM 209 Extra"]
[Source "ChessBase"]
[SourceDate "2022.09.30"]
[SourceVersion "1"]
[SourceVersionDate "2022.09.30"]
[SourceQuality "1"]

1. d4 f5 2. c4 Nf6 3. g3 g6 4. Bg2 Bg7 5. Nf3 d6 6. 0-0 0-0 7. Nc3 c6 8. Qc2 Qc7 9. b3 e5 10. dxe5 dxe5 11. Rd1 Re8 12. e3 e4 13. Nd4 Na6 14. a3 Nc5 15. Bf1 Ne6 16. Nce2 Ng5 17. Bb2 c5 18. Nb5 Nf3+ 19. Kg2 Qe7 20. Nf4 a6 21. Nc3 g5 22. Ncd5 Qf7 23. Bxf6 Bxf6 24. Nh5 Bxa1 25. Rxa1 Re6 0-1